[Event "Santa Fe Litoral op 2nd"]
[Site "Santa Fe"]
[Date "2022.11.11"]
[Round "3"]
[White "De Maurizio, Isaias"]
[Black "Flores, Diego"]
[Result "0-1"]
[WhiteElo "1830"]
[BlackElo "2547"]
[PlyCount "72"]
[EventDate "2022.11.10"]
[EventType "swiss"]
[EventRounds "7"]
[EventCountry "ARG"]
[SourceTitle "CBM 211 Extra"]
[Source "ChessBase"]
[SourceDate "2023.01.31"]
[SourceVersion "1"]
[SourceVersionDate "2023.01.31"]
[SourceQuality "1"]

1. e4 c5 2. Nf3 e6 3. d4 cxd4 4. Nxd4 Nf6 5. Nc3 Nc6 6. a3 d6 7. Be3 Bd7 8. Be2 Be7 9. 0-0 0-0 10. Nb3 Na5 11. Qd2 Nxb3 12. cxb3 Bc6 13. f3 Qb8 14. b4 Rd8 15. b5 Be8 16. f4 d5 17. e5 d4 18. exf6 dxe3 19. Qxe3 Bxf6 20. Kh1 g6 21. Rad1 Qc7 22. Rb1 Rd4 23. Ne4 Bg7 24. Rfc1 Qb6 25. Nc3 Rad8 26. Qf3 a6 27. a4 axb5 28. axb5 Bh6 29. g3 e5 30. fxe5 Bxc1 31. Rxc1 Qe6 32. Qxb7 Qxe5 33. Qf3 Rb4 34. b3 Rxb3 35. Bc4 Rb2 36. Rf1 Rdd2 0-1